|
|
|
|
| LEADER |
00000nam a2200000 a 4500 |
| 001 |
vtls001328522 |
| 003 |
SK-MaSNL |
| 005 |
20260301235630.0 |
| 008 |
240313s1998 xo ag r y 0 slo |
| 015 |
|
|
|a SNBE1999/03-01622
|
| 020 |
|
|
|a 8096781235
|
| 035 |
|
|
|a SNK000281348
|
| 040 |
|
|
|a SNK
|b slo
|c SNK
|e AACR2
|
| 041 |
0 |
|
|a slo
|
| 044 |
|
|
|a xo
|c SK
|
| 080 |
|
|
|a 632.93/.95:725.195(058)"1998"
|2 1981
|
| 080 |
|
|
|a 725.195(058)"1998"
|2 1981
|
| 100 |
1 |
|
|a Dolinay, Štefan
|4 aut
|9 11594
|
| 245 |
1 |
|
|a Zoznam povolených prípravkov na ochranu rastlín, skladových priestorov a prípravkov DDD
|c Štefan Dolinay, Pavol Kohaut
|
| 260 |
|
|
|a Bratislava
|b AT publishing
|c 1998
|
| 300 |
|
|
|a 269 s.
|b tab.
|c 30 cm
|
| 648 |
|
7 |
|a 1998
|2 SNK
|9 282348
|
| 650 |
0 |
7 |
|a ochrana rastlín
|2 SNKPH
|9 3636
|
| 650 |
0 |
7 |
|a priestory sladové
|2 SNKPH
|9 633136
|
| 650 |
0 |
7 |
|a agrochemické prípravky
|2 SNKPH
|9 457873
|
| 655 |
|
7 |
|a informačné publikácie
|2 SNKPH
|9 70181
|
| 700 |
1 |
|
|a Kohaut, Pavol
|4 aut
|9 8880
|
| 919 |
|
|
|a 80-967812-3-5
|
| 958 |
|
|
|a TL
|
| 999 |
|
|
|c 975959
|d 977889
|
| 952 |
|
|
|t P60, <03>, [BOOK], {603}
|a SNK
|b SNK
|y PREZ
|7 0
|p 17A0134689
|o snkOSB 10790/1998
|i snkKSP 4428/98
|0 0
|1 0
|4 0
|d 1998-04-23
|l 0
|r 2005-01-02 00:00:00
|w 2026-02-24
|
| 952 |
|
|
|t P60, <04>, [BOOK], {604}
|a SNK
|b SNK
|y VYP
|7 0
|p 17A0134690
|o snkOSB 10790/1998 D1
|i snkKSP 4429/98
|0 0
|1 0
|4 0
|d 1998-04-23
|l 0
|r 2005-01-02 00:00:00
|w 2026-02-24
|